Pigouvian taxation with administrative costs (Registro nro. 25920)
[ vista simple ]
| 000 -LEADER | |
|---|---|
| fixed length control field | 00374 a2200121 4500 |
| 001 - CONTROL NUMBER | |
| control field | ART_11874 |
| 005 - DATE AND TIME OF LATEST TRANSACTION | |
| control field | 20260410161901.0 |
| 008 - FIXED-LENGTH DATA ELEMENTS--GENERAL INFORMATION | |
| fixed length control field | 260409a |
| 100 1# - MAIN ENTRY--PERSONAL NAME | |
| Personal name | Polinsky, A. Mitchell |
| 245 10 - TITLE STATEMENT | |
| Title | Pigouvian taxation with administrative costs |
| 700 1# - ADDED ENTRY--PERSONAL NAME | |
| Personal name | Shavell, Steven |
| 773 0# - HOST ITEM ENTRY | |
| Title | Journal of public economics |
| Related parts | - Vol. 19, Nº 3 (dic. 1982) |
| Record control number | REV11485 |
No hay ítems disponibles.